SME

Salvato in:
Dettagli Bibliografici
Natura: Periodico
Lingua:slovacco
Pubblicazione: Bratislava PETIT PRESS
Soggetti:
Tags: Aggiungi Tag
Nessun Tag, puoi essere il primo ad aggiungerne!!

MARC

LEADER 00000nas1a2200000 4500
001 s121028
005 20251119124633.0
022 |a 1335-440X 
022 |a 1335-4418 
041 0 |a slo 
044 |a SK 
245 1 0 |a SME 
264 1 |a Bratislava  |b PETIT PRESS 
610 2 0 |a noviny